000 00633nam a2200253Ia 4500
003 OSt
005 20221007065616.0
006 a|||||r|||| 00| 0
007 ta
008 221006b |||||||| |||| 00| 0 eng d
020 _cRs. 95/-
024 _a9,270
037 _cTextual
040 _aFLL
_cFLL
_beng
041 _2eng
_aeng
082 _aZb4, N7
100 _aTewari H.N.
_9687056
245 0 _aLegal research methodology
250 _a1st
260 _aFaridabad
_bAllahabad Law Agency India
_c1997
300 _a242p
_ccm.
942 _hZb4, N7
_cTEXL
_2CC
999 _c1137808
_d1137808